[Event "FRA-chT Top 12 2019"]
[Site "Brest"]
[Date "2019.05.19"]
[Round "2.4"]
[White "Fedorchuk, Sergey A."]
[Black "Riff, Jean-Noel"]
[Result "1-0"]
[WhiteElo "2620"]
[BlackElo "2494"]
[Annotator "TA"]
[PlyCount "87"]
[EventDate "2019.05.18"]
[EventType "team-tourn"]
[EventCountry "FRA"]
[SourceTitle "playchess.com"]
[Source "ChessBase"]
[SourceQuality "1"]

{[%evp 10,87,26,26,27,15,19,15,24,0,0,-7,19,-27,-26,-39,-29,0,0,0,0,-8,-7,-8,29,43,86,75,93,83,89,89,88,79,85,79,97,88,88,92,88,91,91,91,89,89,104,107,98,94,108,101,119,116,114,104,140,141,165,160,184,130,200,201,266,266,266,266,266,266,266,261,307,279,370,347,368,368,328,299]} 1. e4 e5 2. Nf3 Nc6 3. Bb5 f5 4. d3 fxe4 5. dxe4 Nf6 6. Qd3 Bb4+ {C63: Ruy Lopez: Schliemann/Jaenisch Defence} 7. c3 Bc5 (7... Be7 8. Bxc6 dxc6 9. Qxd8+ Bxd8 10. O-O O-O 11. Re1 Re8 12. Bg5 Bg4 13. Nbd2 Nd7 14. Be3 {½-½ (46) Karjakin,S (2760)-Aronian,L (2801) Moscow 2010}) 8. O-O d6 {The position is equal.} 9. a4 a5 10. b4 $146 ({Predecessor:} 10. Bc4 Qe7 11. Na3 Be6 12. Ng5 Nd8 13. Nxe6 Nxe6 14. Bxe6 Qxe6 {0-1 (34) Jackson,S (2205)-Belic,J (2250) Novi Sad 1990}) 10... axb4 11. cxb4 Bxb4 12. Qc4 {Qxb4 is the strong threat.} Ba5 $1 13. Ng5 {[%csl Gg5][%cal Rc4f7]} d5 14. exd5 $40 {[%mdl 128] Black needs to defend precisely.} Qxd5 15. Qc2 Bd7 {Strongly threatening ...Nd4.} 16. Bc4 Nd4 (16... Qd4 $5 {[%cal Rd4a1]} 17. Ra3 Qh4 $11) 17. Qa2 $1 Qc5 18. Ba3 $1 {[%cal Ra3c5]} Bb4 19. Rc1 $1 {Black must now prevent Bf7+.} Qe7 20. Bxb4 ({Don't play} 20. Bf7+ Kf8 $15) 20... Qxb4 {[#]} 21. Nc3 $1 Qe7 22. Re1 {Hoping for Nf7.} Rf8 23. Rad1 {aiming for Rxd4!} h6 {[#]} 24. Nf7 $1 {[%mdl 512]} Rxf7 25. Bxf7+ Qxf7 26. Rxd4 $1 Qxa2 27. Nxa2 Bxa4 28. Rxe5+ Kf7 29. Nc3 Bc6 30. f3 Ra3 31. Ne2 Bd7 32. Nf4 c6 33. h4 Rc3 34. Ra5 c5 35. Rd6 (35. Rd1 $18) 35... Ke7 (35... Be8 $16 {keeps fighting.} 36. Kf2 Rc2+ 37. Ke3 Ke7) 36. Rd2 $18 Bc6 37. Ng6+ Ke6 {[#]} 38. Ra1 $1 Nd5 39. Re1+ Kf6 40. Ne5 Nb4 41. Nxc6 Nxc6 42. Rd6+ Kf5 43. Re4 {[%csl Ge4,Gf3][%cal Rg2g4]} h5 44. Rde6 {Accuracy: White = 83%, Black = 61%.} 1-0

[Event "FRA-chT Top 12 2019"]
[Site "Brest"]
[Date "2019.05.19"]
[Round "2.4"]
[White "Tregubov, Pavel V."]
[Black "Sulava, Nenad"]
[Result "1-0"]
[WhiteElo "2586"]
[BlackElo "2422"]
[Annotator "TA"]
[PlyCount "65"]
[EventDate "2019.05.18"]
[EventType "team-tourn"]
[EventCountry "FRA"]
[SourceTitle "playchess.com"]
[Source "ChessBase"]
[SourceQuality "1"]

{[%evp 12,65,29,29,33,27,40,37,43,14,21,4,8,0,0,0,0,0,0,0,0,0,0,0,16,0,147,155,145,132,202,195,269,142,197,173,168,167,165,158,263,260,257,256,242,236,264,233,442,439,451,452,432,427,596,595]} 1. c4 b6 2. Nc3 e6 3. e4 Bb7 4. Nf3 Bb4 5. Bd3 Ne7 6. O-O O-O 7. Bc2 Bxc3 {A10: English Opening: Unusual Replies for Black} (7... f5 8. e5 Bxf3 9. Qxf3 Nbc6 10. Qg3 Ng6 11. f4 d6 12. Ba4 Nd4 13. Kh1 dxe5 14. fxe5 f4 15. Qe1 {0-1 (26) Milov,V (2604)-Rozentalis,E (2535) Chartres 2017}) 8. bxc3 d6 $146 ({Predecessor:} 8... c5 9. d4 f6 10. dxc5 bxc5 11. Qd6 Na6 12. Rd1 Bc6 13. e5 Nc8 14. Qd3 f5 15. Rb1 {1-0 (26) Jorgensen,P-Bandza,A ICCF corr 1997}) 9. d4 Nd7 {White is slightly better.} 10. Ng5 h6 11. Nh3 Ba6 12. Qd3 Ng6 13. f4 {[#]} d5 $1 {[%mdl 512]} 14. exd5 (14. cxd5 Bxd3) 14... exd5 15. f5 Bxc4 16. Qg3 Bxf1 17. fxg6 Bc4 {[#] ...Qf6 is the strong threat.} 18. Bxh6 $1 {[%mdl 512]} Qf6 (18... Nf6 $1 $11 19. Ng5 fxg6) (18... gxh6 19. gxf7+) 19. Bg5 $16 Qc6 {[#]} ({Don't blunder} 19... Qd6 $2 20. Qh4 $18) 20. Nf4 $1 fxg6 ({Don't go for} 20... Nf6 $2 21. Qh3 $18) (20... Rfe8 $16) 21. Nxg6 $18 Rfe8 (21... Rae8 {was necessary.}) 22. Re1 ({White should play} 22. Qh3 $18 {And now Be7 would win.} Re6 23. Ne7+ Rxe7 24. Bxe7) 22... Nf8 (22... Qd6 $16 {was worth a try.}) 23. Ne7+ Rxe7 24. Rxe7 {Intending Qe5 and mate.} Re8 25. Rxc7 {[%mdl 64] Double Attack} Qe6 (25... Re1+ $16 26. Qxe1 Qxc7) 26. h4 $40 {[%mdl 128] White threatens Rxg7+! and mate. White attacks with force.} Qe1+ 27. Qxe1 Rxe1+ 28. Kh2 Re2 29. Bf5 Rxa2 $2 (29... a5 30. a4 Bb3) 30. Bf4 {Strongly threatening Be5.White is clearly winning.} Rf2 31. Kg3 Rf1 32. Rxa7 b5 33. h5 {Accuracy: White = 73%, Black = 53%.} 1-0

[Event "FRA-chT Top 12 2019"]
[Site "Brest"]
[Date "2019.05.19"]
[Round "2.4"]
[White "Hamitevici, Vladimir"]
[Black "Demuth, Adrien"]
[Result "1-0"]
[WhiteElo "2476"]
[BlackElo "2517"]
[Annotator "TA"]
[PlyCount "89"]
[EventDate "2019.05.18"]
[EventType "team-tourn"]
[EventCountry "FRA"]
[SourceTitle "playchess.com"]
[Source "ChessBase"]
[SourceQuality "1"]

{[%evp 12,89,18,24,23,24,25,22,27,15,19,19,36,7,12,9,19,1,6,-14,28,12,34,34,42,26,52,47,80,78,80,85,172,143,144,96,92,67,74,47,54,37,57,29,19,20,78,73,69,85,68,77,102,90,118,129,136,94,89,90,84,79,296,301,418,420,396,386,403,313,401,399,500,510,509,486,569,557,556,537]} 1. c4 e6 2. Nf3 d5 3. e3 dxc4 4. Bxc4 Nf6 5. O-O a6 6. b3 c5 7. Bb2 b5 {A09: Réti Opening: 1 Nf3 d5 2 c4} (7... Nc6 8. d4 cxd4 9. Nxd4 Bd7 10. Nd2 Be7 11. N4f3 O-O 12. Rc1 Rc8 13. Ng5 h6 14. Nge4 Nb4 15. a3 Nbd5 16. Qe2 Nxe4 17. Nxe4 Nf6 18. Bd3 {½-½ (28) Laznicka,V (2670)-Harikrishna,P (2730) Prague 2019}) 8. Be2 Bb7 9. a4 b4 {The position is equal.} 10. d3 Be7 $146 ({Predecessor:} 10... Nc6 11. Nbd2 Na5 12. Rc1 Rc8 {1-0 (41) Batsiashvili,N (2459)-Goltseva,E (2153) St Petersburg 2018}) 11. Nbd2 O-O 12. Qc2 Nc6 13. Rac1 Rc8 14. Rfe1 Nd7 15. Bf1 a5 16. Nc4 Nb6 17. Nfd2 Nxc4 18. Nxc4 Qc7 19. f4 f6 20. g3 e5 21. Bg2 Rfe8 (21... exf4 $16 {was called for.} 22. exf4 (22. gxf4 Nd8 $16) 22... Rfd8) 22. Bd5+ Kh8 {intending ...exf4.} 23. Be4 exf4 24. gxf4 Nd8 {[%cal Bc6d8,Bd8f7,Bf7h6,Bh6g4][%mdl 32]} 25. Bf5 {aiming for Qd1.} Ra8 26. Qe2 {[#] Hoping for Qh5!} Nf7 $1 27. Qh5 {[%csl Gf5][%cal Rh5h7]} Nh6 28. Be4 Bf8 (28... Bxe4 $11 {remains equal.} 29. dxe4 Qc6) 29. Bxb7 $40 {[%mdl 128] White attacks with force.} Qxb7 30. e4 Qf7 31. Qf3 f5 32. Kh1 Ng4 33. Re2 Nf6 34. Rg1 Rad8 35. Rg5 fxe4 36. dxe4 h6 $2 {[#]} (36... Rd1+ $16 37. Rg1 Rxg1+ 38. Kxg1 Rxe4) 37. Rg1 $18 Nh5 38. Ne5 Rxe5 39. Bxe5 Re8 {Threatening ...Rxe5.} 40. Qg4 Kg8 41. Rd2 c4 42. bxc4 {White is clearly winning.} b3 43. Qf5 Qxf5 44. exf5 Bc5 45. Rgd1 {Accuracy: White = 52%, Black = 39%.} 1-0

[Event "FRA-chT Top 12 2019"]
[Site "Brest"]
[Date "2019.05.19"]
[Round "2.4"]
[White "Colin, Vincent"]
[Black "Degraeve, Jean-Marc"]
[Result "1/2-1/2"]
[WhiteElo "2383"]
[BlackElo "2546"]
[Annotator "TA"]
[PlyCount "114"]
[EventDate "2019.05.18"]
[EventType "team-tourn"]
[EventCountry "FRA"]
[SourceTitle "playchess.com"]
[Source "ChessBase"]
[SourceQuality "1"]

{[%evp 27,114,-1,60,82,78,83,152,48,85,56,134,83,93,37,36,0,0,0,0,0,0,-127,-108,-84,-8,-8,-8,-8,-12,-12,-6,-13,-12,-12,17,14,72,0,0,0,0,0,0,-2,93,89,94,101,187,173,178,181,185,129,117,66,92,75,106,8,22,8,7,8,8,0,17,20,23,1,8,0,0,0,0,0,0,0,0,0,0,0,0,0,0,0,0,0,0]} 1. d4 Nf6 2. c4 g6 3. Nc3 Bg7 4. e4 d6 5. f4 O-O 6. Nf3 c5 7. d5 e6 8. Be2 exd5 9. cxd5 Bg4 10. O-O Nbd7 11. h3 Bxf3 12. Bxf3 Re8 13. g4 h6 14. h4 Nh7 (14... h5 $1 $11 15. g5 (15. gxh5 Nxh5 16. Qe1 Bd4+ 17. Kg2 Nhf6 $15) 15... Ng4) 15. g5 $14 {A68: Modern Benoni: Four Pawns Attack without 9...Re8} hxg5 16. hxg5 {[#]} Ndf8 $146 (16... Bd4+ $142 17. Kg2 f6) ({Predecessor:} 16... f6 17. gxf6 Bxf6 18. Kg2 g5 19. Bg4 gxf4 20. Bxf4 Be5 21. Be6+ Kh8 22. Qh5 Re7 {½-½ (45) Safin,S (2485)-Timoshenko,G (2550) Mumbai 2009}) 17. Bg2 (17. Kg2 $16) 17... f6 {[%cal Rf6g5]} 18. gxf6 Qxf6 (18... Nxf6 $14 19. Be3 Nh5) 19. Be3 (19. e5 $142 $1 {[%cal Re5f6]} dxe5 20. Ne4) 19... Qh4 $16 20. Nb5 (20. Qf3 $16) 20... Rad8 $14 21. Bf2 (21. e5 $5) 21... Qxf4 {...Be5! is the strong threat.} 22. Bxc5 $1 Qh4 23. Bf2 ({Wrong is} 23. Nxd6 $2 Be5 $19) (23. Bxd6 $2 Rxd6 24. Nxd6 Be5 $19) 23... Qh6 24. Bxa7 (24. Bg3 $11) 24... Be5 $17 25. Rf2 {[#]} Nf6 (25... Qh4 $1 $17 {aiming for ...Ng5.} 26. Bb6 Rc8) 26. Qf3 $1 $132 {[%mdl 2048] White is fighting back} N8h7 {Hoping for ...Ng5.} 27. Qh3 $1 {[%cal Rh3h6]} Qxh3 28. Bxh3 Ng5 29. Bg2 Nfxe4 30. Rc2 Nc5 31. Rf1 Rc8 (31... Rd7 $11) 32. b4 (32. Rfc1 $16) 32... Nd3 33. Rxc8 Rxc8 34. Be3 Nh7 $1 35. a3 Kg7 (35... Rc4 $11 {remains equal.}) 36. Be4 $16 Nb2 37. Nxd6 $1 {[%mdl 64] Deflection} Bxd6 (37... Ra8 $16) 38. Bd4+ $18 {[%mdl 64] Double Attack} Kh6 39. Bxb2 Ng5 40. Bg2 ({White should play} 40. Bb1 $18 Re8 41. Bc1) 40... Kh5 $16 41. Rf2 (41. Rf6 $16 Rc2 42. Bd4 (42. Rxd6 Rxb2 43. Rb6 Kh4 $16) 42... Rc1+ 43. Kf2 Rc2+ 44. Ke3) 41... Bg3 42. Re2 Kg4 {[#]} 43. Rd2 (43. d6 $1 $16 {[%cal Rd6d7] Black must now prevent d7.} Rd8 44. Rd2 (44. Bxb7 Nh3+ 45. Kh1 Rxd6 $16)) 43... Bf4 44. Rd3 {And now d6 would win.} Rc2 45. Bc3 b5 46. Be1 Nf7 47. Bh3+ Kg5 48. Rc3 Ra2 {The position is equal.} 49. Bf1 Nd6 50. Bg3 Ne4 51. Bxf4+ Kxf4 $11 {[%mdl 4096] Endgame KRB-KRN} 52. Rd3 {Threatens to win with d6.} Nd6 53. Bg2 g5 54. Rf3+ Ke5 55. Re3+ Kf4 56. Rf3+ Ke5 57. Re3+ Kf4 {Accuracy: White = 52%, Black = 48%.} 1/2-1/2

[Event "FRA-chT Top 12 2019"]
[Site "Brest"]
[Date "2019.05.19"]
[Round "2.4"]
[White "Delabaca, Romuald"]
[Black "Wirig, Anthony"]
[Result "1/2-1/2"]
[WhiteElo "2360"]
[BlackElo "2516"]
[Annotator "TA"]
[PlyCount "37"]
[EventDate "2019.05.18"]
[EventType "team-tourn"]
[EventCountry "FRA"]
[SourceTitle "playchess.com"]
[Source "ChessBase"]
[SourceQuality "1"]

{[%evp 11,37,11,18,24,43,48,45,50,52,48,76,22,30,13,29,27,25,34,45,16,20,24,46,49,40,39,30,33]} 1. e4 c5 2. Nf3 e6 3. d4 cxd4 4. Nxd4 a6 5. c4 Nf6 6. Nc3 Bb4 7. Qd3 {B41: Sicilian: Kan Variation: 5 c4} (7. Bd3 Nc6 8. Nxc6 dxc6 9. O-O e5 10. Qe2 O-O 11. a3 Bc5 12. Be3 Bd4 13. Bxd4 exd4 14. Na4 Re8 15. b4 a5 16. c5 axb4 17. axb4 Bg4 {½-½ (26) Corrales Jimenez,F (2559)-Caruana,F (2828) chess.com INT 2019}) 7... d6 8. Nc2 $1 {[%cal Rc2b4]} Bxc3+ 9. Qxc3 {White is slightly better.} O-O 10. Bg5 Nbd7 $146 {[#]} ({Predecessor:} 10... e5 11. f3 Nc6 12. Qd2 h6 13. Be3 Qc7 14. Be2 Be6 15. O-O Rac8 16. Rac1 Rfd8 17. Rfd1 b6 18. Nb4 Nxb4 19. Qxb4 Rb8 20. b3 Ne8 21. Qa3 Qb7 {½-½ (21) Hua,E (2254)-Yu,Z (2392) Montreal 2018}) 11. Qd4 (11. f3 $1 $16) 11... Qc7 12. Bd3 b5 13. cxb5 axb5 14. O-O Bb7 15. f3 h6 16. Bh4 e5 17. Qf2 d5 18. exd5 Bxd5 19. Nb4 {Accuracy: White = 65%, Black = 33%.} 1/2-1/2

[Event "FRA-chT Top 12 2019"]
[Site "Brest"]
[Date "2019.05.19"]
[Round "2.5"]
[White "Gharamian, Tigran"]
[Black "Nezar, Mustapha"]
[Result "1/2-1/2"]
[WhiteElo "2602"]
[BlackElo "2339"]
[Annotator "TA"]
[PlyCount "37"]
[EventDate "2019.05.18"]
[EventType "team-tourn"]
[EventCountry "FRA"]
[SourceTitle "playchess.com"]
[Source "ChessBase"]
[SourceQuality "1"]

{[%evp 14,37,36,39,41,38,43,26,29,18,22,10,21,20,27,24,24,0,0,0,0,0,5,0,8,-17]} 1. e4 e5 2. Nf3 Nf6 3. Nxe5 d6 4. Nf3 Nxe4 5. d4 d5 6. Bd3 Be7 7. O-O Nc6 8. Nbd2 Nd6 {C42: Petroff Defence: 3 Nxe5 and unusual White 3rd moves} (8... Bf5 9. Re1 Nxd2 10. Qxd2 Bxd3 11. Qxd3 O-O 12. Re2 Qd7 13. Bf4 Rfe8 14. Rae1 Bf8 15. c3 Rxe2 16. Rxe2 a6 17. h3 f6 18. Nd2 Ne7 19. Nf1 {½-½ (19) Giri,A (2783)-Yu,Y (2764) St Petersburg 2018}) 9. c3 Bf5 10. Bxf5 Nxf5 {White has an edge.} 11. Qb3 b6 12. Re1 Qd7 13. Nf1 O-O 14. Bf4 $146 ({Predecessor:} 14. Ng3 Nxg3 15. hxg3 f6 16. Re2 {½-½ (30) Seyb,A (2400)-Kvetny,M (2415) Austria 2017}) 14... Rfe8 15. Ne3 Nxe3 {The position is equal.} 16. Rxe3 Na5 17. Qc2 Nc4 18. Ree1 f6 19. Re2 {Accuracy: White = 60%, Black = 96%.} 1/2-1/2

[Event "FRA-chT Top 12 2019"]
[Site "Brest"]
[Date "2019.05.19"]
[Round "2.5"]
[White "Gurevich, Mikhail"]
[Black "Cappon, John"]
[Result "1-0"]
[WhiteElo "2566"]
[BlackElo "2094"]
[Annotator "TA"]
[PlyCount "80"]
[EventDate "2019.05.18"]
[EventType "team-tourn"]
[EventCountry "FRA"]
[SourceTitle "playchess.com"]
[Source "ChessBase"]
[SourceQuality "1"]

{[%evp 9,80,47,57,60,58,53,59,43,50,52,68,62,78,76,64,72,80,75,72,77,91,100,139,111,204,71,68,58,47,26,58,53,46,54,68,17,15,7,9,6,6,6,6,6,6,6,6,6,6,6,6,8,8,6,8,6,6,0,0,0,0,0,0,0,0,0,0,0,8,8,8,8,10]} 1. c4 e5 2. Nc3 Nc6 3. e3 f5 4. d4 Bb4 5. Nge2 d6 6. a3 {A25: English Opening vs King's Indian with ...Nc6 but without early d3} Bxc3+ 7. Nxc3 Nf6 8. Be2 {White is slightly better.} (8. dxe5 Nxe5 9. b3 b6 10. Bb2 Bb7 11. Nb5 Qe7 12. Nd4 {0-1 (32) Rasmussen,A (2540)-Sasikiran,K (2688) Helsingor 2017}) 8... O-O 9. O-O Qe7 $146 ({Predecessor:} 9... a5 10. Rb1 Bd7 11. b4 axb4 12. axb4 {½-½ (20) Knott,S (2381)-Hanley,C (2294) Birmingham 2000}) 10. b4 Nd8 11. dxe5 dxe5 12. Nd5 Nxd5 13. cxd5 Nf7 14. Bb2 Bd7 15. Rc1 {[%cal Ba1c1,Bc1c7,Bc7d7][%mdl 32]} c6 16. Bc4 cxd5 (16... Kh8 $16) 17. Bxd5 (17. Qxd5 $18 {and the rest is easy.} Rfe8 18. Qxb7) 17... Be6 $16 18. Bxe6 Qxe6 19. Rc7 b5 20. Qd7 Qxd7 21. Rxd7 a6 22. f4 (22. Rc1 $14) 22... exf4 $11 {The position is equal.} 23. Rxf4 g6 24. e4 Rad8 25. Rxd8 Rxd8 26. exf5 {[%mdl 4096] Endgame KRB-KRN} Rd1+ 27. Rf1 Rxf1+ 28. Kxf1 gxf5 {KB-KN} 29. Ke2 Nd8 30. Kf3 {And now Kf4 would win.} Kf7 31. Kf4 Ke6 32. h3 Nf7 $1 33. g4 fxg4 34. hxg4 Nd6 35. Bc1 Nc4 36. Ke4 a5 (36... Ne5 $5) 37. Kd4 axb4 38. axb4 Kd6 39. Bf4+ Kc6 40. Ke4 Nb6 {[%mdl 32768] Accuracy: White = 60%, Black = 63%. . Loss on time!?} 1-0

[Event "FRA-chT Top 12 2019"]
[Site "Brest"]
[Date "2019.05.19"]
[Round "2.5"]
[White "Istratescu, Andrei"]
[Black "Feller, Sebastien"]
[Result "1/2-1/2"]
[WhiteElo "2555"]
[BlackElo "2587"]
[Annotator "TA"]
[PlyCount "25"]
[EventDate "2019.05.18"]
[EventType "team-tourn"]
[EventCountry "FRA"]
[SourceTitle "playchess.com"]
[Source "ChessBase"]
[SourceQuality "1"]

{[%evp 9,25,1,17,0,0,0,0,-22,-10,-26,-22,-35,0,-1,0,3,-1,0]} 1. Nf3 d5 2. d4 Nf6 3. c4 e6 4. e3 a6 5. Nbd2 (5. Nc3 dxc4 6. Bxc4 b5 7. Be2 Bb7 8. O-O Nbd7 9. b3 c5 10. Bb2 Be7 11. Rc1 O-O 12. Qc2 Rc8 13. Qb1 Qb6 14. Rfd1 Rfd8 15. h3 h6 16. dxc5 Nxc5 17. Rxd8+ Rxd8 {0-1 (59) Mamedyarov,S (2817)-Carlsen,M (2835) St Petersburg 2018}) 5... c5 6. cxd5 {D30: Queen's Gambit Declined: Systems without Nc3} exd5 7. dxc5 Bxc5 8. Nb3 Bb6 9. Be2 Nc6 $146 ({Predecessor:} 9... O-O 10. O-O Nc6 11. Bd2 Ne4 12. Rc1 Re8 {½-½ (31) Vernay,C (2513)-Dorfman,J (2547) Brest 2018}) 10. O-O Bg4 11. Nfd4 {The position is equal.} Bxe2 12. Nxe2 O-O 13. Bd2 1/2-1/2

[Event "FRA-chT Top 12 2019"]
[Site "Brest"]
[Date "2019.05.19"]
[Round "2.5"]
[White "Apicella, Manuel"]
[Black "Ludwig, Remi"]
[Result "1-0"]
[WhiteElo "2502"]
[BlackElo "2312"]
[Annotator "TA"]
[PlyCount "135"]
[EventDate "2019.05.18"]
[EventType "team-tourn"]
[EventCountry "FRA"]
[SourceTitle "playchess.com"]
[Source "ChessBase"]
[SourceQuality "1"]

{[%evp 16,135,-2,-2,0,-2,-2,0,0,0,2,-8,-13,-7,0,0,9,0,12,-16,-17,-12,-10,-13,-6,-13,-10,-22,-17,-30,48,42,53,60,95,73,71,56,74,75,92,87,131,118,145,111,250,187,141,137,246,203,202,192,253,241,240,254,227,193,198,130,127,128,140,140,140,137,147,138,144,131,165,149,205,181,220,226,213,213,238,204,253,238,296,293,271,285,289,281,276,250,263,224,324,301,366,360,351,343,349,348,439,429,432,430,566,566,548,524,473,445,1166,1153,1991,1896,29989,29990,29990,29991,29992,29993]} 1. e4 e6 2. d4 d5 3. e5 c5 4. c3 Nc6 5. Nf3 Qb6 6. a3 c4 7. Nbd2 Na5 8. Be2 Bd7 9. Rb1 Qc7 {C02: French: Advance Variation} (9... Ne7 10. O-O Qc7 11. Re1 Nc8 12. Nf1 Nb3 13. Bf4 Nb6 14. N3d2 Na5 15. h4 Be7 16. h5 h6 17. Bh2 Ba4 18. Qc1 O-O-O {½-½ (30) Bruzon Batista,L (2673)-Akobian,V (2640) Saint Louis 2018}) 10. O-O h6 11. Re1 Ne7 {The position is equal.} 12. Nf1 Nc8 13. Ng3 Nb6 14. Nh5 O-O-O $146 ({Predecessor:} 14... Ba4 15. Qd2 O-O-O 16. Bd1 Bxd1 17. Qxd1 g6 18. Nf6 Be7 {½-½ (42) Sgherri,M (2170)-Kolar,P (2358) ICCF email 2011}) 15. Bf4 Ba4 16. Qd2 Qd7 17. h4 Qe8 18. Nh2 Bb3 19. Bg4 Kb8 20. Re2 Ka8 21. Bg3 Qa4 22. Nf4 g6 (22... Be7 $11) 23. h5 $14 g5 24. Nh3 Bg7 25. f4 gxf4 26. Nxf4 Qe8 27. Bh4 Rd7 28. Rf1 Qg8 {[#]} 29. Bh3 $1 Rc7 30. Ng4 Qh7 (30... Ba4 $16) 31. Ref2 Ba4 32. Bf6 Nc6 (32... Nb3 $16 {was called for.} 33. Qe2 Kb8) 33. Bxg7 Qxg7 {[#]} 34. Ne2 $1 Nd8 (34... Re7 $142 35. Rf6 Nd7 36. Rxh6 Rh7 37. Rxh7 Qxh7) 35. Rf6 $18 Qg5 36. Qxg5 hxg5 37. Ng3 Bc2 38. Rc1 (38. R1f2 $18 Bd3 39. Rh6) 38... Bd3 $16 39. Nf2 Nd7 40. Rf3 Bh7 41. Bg4 a5 42. Nh3 Rg8 43. Nf1 Nb6 44. Rd1 Nc8 (44... Nd7 $16 45. Ne3 Bd3) 45. Ne3 Be4 46. Rf6 Ne7 47. Rd2 Rc6 48. Bd1 Nf5 49. Kf2 Ng7 50. Nxg5 Nxh5 51. Nxe4 ({Don't take} 51. Bxh5 $6 Rxg5 52. Bxf7 Nxf7 $16) 51... Nxf6 52. Nxf6 Rh8 53. Bh5 b5 54. g4 Rc7 (54... b4 $142 55. Nd7 (55. cxb4 axb4 56. axb4 Rb6 $18) 55... bxc3 56. bxc3 Rc7) 55. g5 Rb7 56. Neg4 b4 57. axb4 axb4 58. Nh6 b3 59. Ke3 Ra7 60. Rf2 Kb8 61. Nfg4 Rh7 {[#] If Black can now play ...Rg7 this consolidates a bit.} 62. Nxf7 $1 {[%mdl 512]} Rxh5 (62... Raxf7 63. Bxf7) 63. Nxd8 Rh3+ (63... Rxg5 $142 64. Nc6+ {[%mdl 64] Double Attack} (64. Nxe6 Rxg4 65. Rf8+ Kb7 $11) 64... Kc7) 64. Kf4 $18 Ra2 65. g6 Rxc3 66. g7 {White mates.} Rxb2 67. Rxb2 Rc2 68. g8=Q {Accuracy: White = 63%, Black = 35%.} 1-0

[Event "FRA-chT Top 12 2019"]
[Site "Brest"]
[Date "2019.05.19"]
[Round "2.5"]
[White "Lefebvre, Herve"]
[Black "Maze, Sebastien"]
[Result "1-0"]
[WhiteElo "2291"]
[BlackElo "2579"]
[Annotator "RC"]
[PlyCount "73"]
[EventDate "2019.05.18"]
[EventType "team-tourn"]
[EventCountry "FRA"]
[SourceTitle "playchess.com"]
[Source "ChessBase"]
[SourceQuality "1"]
[TimeControl "40/5400+30:1800+30"]

1. e4 {[%emt 0:00:00]} c5 {[%emt 0:00:00]} 2. Nf3 {[%emt 0:00:00]} Nc6 {[%emt 0:00:00]} 3. d4 {[%emt 0:00:00]} cxd4 {[%emt 0:00:00]} 4. Nxd4 {[%emt 0:00:00]} e6 {[%emt 0:00:00]} 5. Nc3 {[%emt 0:00:00]} Qc7 {[%emt 0:00:00]} 6. Be3 {[%emt 0:00:51]} Nf6 {[%emt 0:00:33]} 7. f4 {[%emt 0:11:38]} Nxd4 {[%emt 0:09:08]} 8. Qxd4 {[%emt 0:20:59]} b6 {[%emt 0:00:51]} 9. Be2 {[%emt 0:03:15]} Bb7 {[%emt 0:01:36]} 10. Bf3 {[%emt 0:03:06]} Bc5 {[%emt 0:02:21]} 11. Qd3 {[%emt 0:01:10]} Bb4 {[%emt 0:00:11]} 12. O-O {[%emt 0:05:48]} Bxc3 {[%emt 0:01:02]} 13. bxc3 {[%emt 0:00:05]} O-O {[%emt 0:07:10]} 14. Bd4 {[%emt 0:06:11]} d6 {[%emt 0:05:25]} 15. e5 {[%emt 0:02:23]} Nd5 {[%emt 0:04:58]} 16. Be4 {[%emt 0:01:53]} g6 {[%emt 0:01:20]} 17. Rae1 {[%emt 0:17:39]} dxe5 {[%emt 0:08:09]} 18. Bxe5 {[%emt 0:00:06]} Qc5+ {[%emt 0:00:04]} 19. Bd4 {[%emt 0:00:09]} Qd6 {[%emt 0:00:24]} 20. Be5 {[%emt 0:00:16]} Qe7 {[%emt 0:06:06]} 21. c4 {[%emt 0:04:27]} Nb4 {[%emt 0:00:16]} 22. Qd6 {[%emt 0:00:03]} Qxd6 {[%emt 0:00:39]} 23. Bxd6 {[%emt 0:00:02]} Bxe4 {[%emt 0:00:10]} 24. Rxe4 {[%emt 0:02:33]} Na6 {[%emt 0:03:14]} 25. Bxf8 {[%emt 0:00:14]} Kxf8 {[%emt 0:00:02]} 26. Rd4 {[%emt 0:01:28]} Ke7 {[%emt 0:00:11]} 27. g4 {[%emt 0:02:58]} f5 {[%emt 0:01:31]} 28. g5 {[%emt 0:01:06]} h5 {[%emt 0:01:39]} 29. gxh6 {[%emt 0:00:03]} Rh8 {[%emt 0:00:03]} 30. Rf3 {[%emt 0:00:05]} Nc5 {[%emt 0:03:49]} 31. Rh3 {[%emt 0:00:19]} Rh7 {[%emt 0:01:54]} 32. Kg2 {[%emt 0:01:19]} e5 {[%emt 0:00:20]} 33. fxe5 {[%emt 0:00:27]} Ne6 {[%emt 0:00:04]} 34. Ra3 {[%emt 0:00:43]} a5 {[%emt 0:00:24]} 35. Rd6 {[%emt 0:00:40]} Rxh6 {[%emt 0:00:02]} 36. Rxb6 {[%emt 0:00:11]} Nf4+ {[%emt 0:00:06]} 37. Kh1 {[%emt 0:00:43]} 1-0